| 000 | 00404nam a22001337a 4500 | ||
|---|---|---|---|
| 999 |
_c514061 _d514061 |
||
| 008 | 201003b ||||| |||| 00| 0 eng d | ||
| 100 |
_aSangwan, Sher Singh _918230 |
||
| 245 | _aMassive mandate to AAP to have repercussions beyond Delhi | ||
| 260 | _aMainstream | ||
| 300 | _a58(10), 22 Feb,2020: p. 33-34 | ||
| 773 | _aMainstream | ||
| 906 | _aINDIA - DELHI - POLITICS AND GOVERNMENT | ||
| 942 | _cAR | ||